000 03748nam a22002777a 4500
001 6378
003 FISKH
005 20250425123032.0
008 250425b cb ||||| |||| 00| 0 eng d
020 _a9781741799545
040 _aFISKH
_beng
_cFISKH
_dFISKH
050 _aDS555.382 .L664
082 _a915.940442
100 _aRay, Nick
245 _aLaos /
_cThis edition written and researched by Nick Ray , Greg Bloom and Richard Waters
250 _aFirst published , January 1994
260 _aFort Mill :
_bLonely Planet ,
_c2014.
300 _a343 pages :
_bcolor illustrations, maps ;
_c20 cm .
490 _aLonely Planet
520 _aLonely Planet: The world's number one travel guide publisher Lonely Planet's Laos is your passport to the most relevant, up-to-date advice on what to see and skip, and what hidden discoveries await you. Whiz through the jungle on ziplines in Bokeo Nature Reserve, dine on French cuisine in historic Luang Prabang and trek to minority villages on the Bolaven Plateau - all with your trusted travel companion. Get to the heart of Laos and begin your journey now! Inside Lonely Planet's Laos: - NEW pull-out, passport-size 'Just Landed' card with wi-fi, ATM and transport info - all you need for a smooth journey from airport to hotel - Colour maps and images throughout - Highlights and itineraries help you tailor your trip to your personal needs and interests - Insider tips to save time and money and get around like a local, avoiding crowds and trouble spots - Essential info at your fingertips - hours of operation, phone numbers, websites, transit tips, prices - Honest reviews for all budgets - eating, sleeping, sightseeing, going out, shopping, hidden gems that most guidebooks miss - Cultural insights give you a richer, more rewarding travel experience - history, people, music, landscapes, wildlife, cuisine, politics - Covers Luang Prabang & Around, Northern Laos, Vientiane, Vang Vieng & Around, Central Laos, Southern Laos, and more - The Perfect Choice: Lonely Planet's Laos is our most comprehensive guide to Laos, and is perfect for discovering both popular and off-the-beaten-path experiences. About Lonely Planet: Lonely Planet is a leading travel media company and the world's number one travel guidebook brand, providing both inspiring and trustworthy information for every kind of traveller since 1973. Over the past four decades, we've printed over 145 million guidebooks and grown a dedicated, passionate global community of travellers. You'll also find our content online, and in mobile apps, video, 14 languages, nine international magazines, armchair and lifestyle books, ebooks, and more. 'Lonely Planet guides are, quite simply, like no other.' - New York Times 'Lonely Planet. It's on everyone's bookshelves, it's in every traveler's hands. It's on mobile phones. It's on the Internet. It's everywhere, and it's telling entire generations of people how to travel the world.' - Fairfax Media (Australia) eBook Features: (Best viewed on tablet devices and smartphones) - Downloadable PDF and offline maps prevent roaming and data charges - Effortlessly navigate and jump between maps and reviews - Add notes to personalise your guidebook experience - Seamlessly flip between pages - Bookmarks and speedy search capabilities get you to key pages in a flash - Embedded links to recommendations' websites - Zoom-in maps and images - Inbuilt dictionary for quick referencing Important Notice: The digital edition of this book may not contain all of the images found in the physical edition.
650 _aTravel guide
_vNon-fiction
700 _aBloom, Greg
_eIllustrator
700 _aWaters, Richard
_eIllustrator
942 _2ddc
_cBK
_n0
999 _c6378
_d6378